[Event "28. Klatovy B 2022"]
[Site "Klatovy"]
[Date "2022.07.08"]
[Round "7.16"]
[White "Rychtecky, Pavel"]
[Black "Hanzlik, Jiri"]
[Result "1/2-1/2"]
[WhiteElo "1482"]
[BlackElo "1609"]
[PlyCount "105"]
[EventDate "2022.07.02"]
[EventType "swiss"]
[EventRounds "9"]
[EventCountry "CZE"]

1. e4 e5 2. Nf3 d6 3. d4 exd4 4. Nxd4 Be7 5. Nc3 Nf6 6. Be2 Bd7 7. O-O Nc6 8. f4 Nxd4 9. Qxd4 Be6 10. f5 Bd7 11. Bf4 O-O 12. Rad1 b6 13. h3 d5 14. Kh2 dxe4 15. Nxe4 Bxf5 16. Qxd8 Raxd8 17. Nxf6+ Bxf6 18. c3 c5 19. Bb5 Be6 20. a3 g6 21. Bc7 Rxd1 22. Rxd1 Be7 23. Re1 Rc8 24. Bg3 Rd8 25. Re2 Bd6 26. Bc6 Bxg3+ 27. Kxg3 Kg7 28. Be4 Bc4 29. Rf2 Re8 30. Kf4 f5 31. Bc2 Kf6 32. h4 Re2 33. Rxe2 Bxe2 34. b3 h6 35. Ke3 Bf1 36. g3 g5 37. Bb1 Ke5 38. Bc2 Bg2 39. hxg5 hxg5 40. Bd3 f4+ 41. gxf4+ gxf4+ 42. Kf2 Be4 43. Be2 a5 44. Bb5 Bc2 45. Bc4 Ke4 46. b4 a4 47. bxc5 bxc5 48. Ke2 Bb3 49. Bd3+ Ke5 50. Bg6 Bc4+ 51. Kf2 Bd5 52. Be8 Bb3 53. Bg6 1/2-1/2

[Event "28. Klatovy B 2022"]
[Site "Klatovy"]
[Date "2022.07.08"]
[Round "7.17"]
[White "Zrust, Lukas"]
[Black "Kubat, Zbynek"]
[Result "0-1"]
[WhiteElo "1266"]
[BlackElo "1596"]
[PlyCount "104"]
[EventDate "2022.07.02"]
[EventType "swiss"]
[EventRounds "9"]
[EventCountry "CZE"]

1. c4 e5 2. Nc3 Nf6 3. g3 Nc6 4. Bg2 g6 5. e3 Bg7 6. Nge2 d6 7. O-O O-O 8. b3 Rb8 9. Bb2 Bg4 10. h3 Bd7 11. d4 Qc8 12. Kh2 Re8 13. Qd2 a6 14. Rac1 exd4 15. exd4 Bf5 16. Rfe1 Ne7 17. Rcd1 Qd8 18. Nc1 Bd7 19. Nd3 Nf5 20. Ne2 Ne4 21. Qc2 Qg5 22. Bc1 Qd8 23. Bb2 Qg5 24. Bc1 Qd8 25. d5 Nf6 26. Bb2 Ne4 27. Bxg7 Nxg7 28. Nef4 Nf6 29. Qb2 Bf5 30. Qd4 Nfh5 31. Re3 Nxf4 32. Nxf4 Rxe3 33. Qxe3 Qe8 34. Qd2 Qd8 35. Re1 Bd7 36. Re4 Kf8 37. Qe2 b5 38. cxb5 Bxb5 39. Qe1 Qf6 40. Qc1 Rc8 41. Re3 Qd4 42. Qc2 Nf5 43. Rc3 Qb6 44. Nd3 Ne7 45. Nb4 a5 46. Nc6 Nxc6 47. dxc6 Re8 48. Bf3 Qd4 49. Kg2 Re1 50. a4 Bf1+ 51. Kh2 Re2 52. Re3 Rxc2 0-1

[Event "28. Klatovy B 2022"]
[Site "Klatovy"]
[Date "2022.07.08"]
[Round "7.18"]
[White "Kovar, Vaclav 1953"]
[Black "Novy, Jaroslav"]
[Result "1-0"]
[WhiteElo "1619"]
[BlackElo "1458"]
[PlyCount "65"]
[EventDate "2022.07.02"]
[EventType "swiss"]
[EventRounds "9"]
[EventCountry "CZE"]

1. d4 d5 2. c4 c6 3. cxd5 cxd5 4. Nc3 g6 5. Nf3 Bg7 6. Bf4 Nf6 7. e3 a6 8. Bd3 Nc6 9. Rc1 O-O 10. O-O Nh5 11. Bg5 h6 12. Bh4 Nf6 13. h3 Qa5 14. Bb1 e6 15. Nd2 Nd7 16. Nb3 Qc7 17. Bg3 Qd8 18. Na4 e5 19. dxe5 Ndxe5 20. Nd4 Be6 21. Nxe6 fxe6 22. Nc5 Qf6 23. b3 b6 24. Nd3 Rac8 25. Qe2 a5 26. Nf4 Ne7 27. Qb5 Rc6 28. Rxc6 N7xc6 29. Qxb6 Rb8 30. Qa6 Bf8 31. Nxg6 Bb4 32. Nxe5 Nxe5 33. Qa7 1-0

[Event "28. Klatovy B 2022"]
[Site "Klatovy"]
[Date "2022.07.08"]
[Round "7.19"]
[White "Koupil, Stepan"]
[Black "Svec, Ludek"]
[Result "0-1"]
[WhiteElo "1450"]
[BlackElo "1585"]
[PlyCount "74"]
[EventDate "2022.07.02"]
[EventType "swiss"]
[EventRounds "9"]
[EventCountry "CZE"]

1. e4 c5 2. Nf3 e6 3. d4 cxd4 4. Nxd4 Nf6 5. Nc3 Nc6 6. Ndb5 Bb4 7. a3 Bxc3+ 8. Nxc3 d5 9. exd5 exd5 10. Bd3 O-O 11. O-O Bg4 12. Qd2 Re8 13. b4 a5 14. bxa5 Qxa5 15. Bb2 d4 16. Nb1 Qb6 17. c3 Rad8 18. h3 Bh5 19. cxd4 Nxd4 20. Qc3 Bg6 21. Bc4 Ne4 22. Qb4 Qxb4 23. axb4 b5 24. Bxd4 bxc4 25. Rd1 Rd7 26. Re1 Rxd4 27. f3 Red8 28. fxe4 Bxe4 29. Nc3 f5 30. Kf2 Rd2+ 31. Re2 Rxe2+ 32. Nxe2 Rd2 33. Ke3 Rb2 34. Ra4 Bxg2 35. Nf4 Bf1 36. Ra5 g5 37. Ne6 Re2+ 0-1

[Event "28. Klatovy B 2022"]
[Site "Klatovy"]
[Date "2022.07.08"]
[Round "7.20"]
[White "Studzinski, Boleslav"]
[Black "Lickova, Anna"]
[Result "1-0"]
[WhiteElo "1583"]
[BlackElo "1016"]
[PlyCount "131"]
[EventDate "2022.07.02"]
[EventType "swiss"]
[EventRounds "9"]
[EventCountry "CZE"]

1. d3 e5 2. Nf3 Nc6 3. c3 d5 4. g3 Nf6 5. Bg2 Bf5 6. O-O Be7 7. Nbd2 Qd7 8. Re1 O-O-O 9. b4 h6 10. b5 Na5 11. Qa4 b6 12. Nb3 Qd6 13. Nxa5 bxa5 14. Qxa5 Qb6 15. Qxb6 axb6 16. Nxe5 Rdf8 17. Nc6 Bd6 18. e4 dxe4 19. dxe4 Re8 20. e5 Nd7 21. f4 Bc5+ 22. Be3 g5 23. Bxc5 Nxc5 24. fxg5 hxg5 25. Bd5 Rh7 26. Nd4 Bg4 27. Nf3 Reh8 28. Re2 Bxf3 29. Bxf3 Re8 30. Rf1 Nd7 31. Bc6 Re7 32. Rfe1 Rh6 33. Bd5 Nc5 34. Rf1 f6 35. e6 Na4 36. Re3 Nc5 37. g4 Rh4 38. h3 Rh6 39. Kh2 Nb7 40. Ref3 Nd6 41. Rxf6 Rh8 42. Rg6 Reh7 43. Rf3 Nxb5 44. Rxg5 Nd6 45. c4 Kb8 46. Ra3 Nb7 47. Rf5 c5 48. Bxb7 Kxb7 49. Rf7+ Rxf7 50. exf7 Rf8 51. Rf3 Kc7 52. g5 Kd7 53. Kg3 Ke7 54. Rf6 Kd7 55. g6 Ke7 56. Rxb6 Kd7 57. Rb7+ Ke6 58. g7 Rd8 59. f8=Q Rxf8 60. gxf8=Q Ke5 61. Re7+ Kd4 62. Qf4+ Kc3 63. Re3+ Kb4 64. Rb3+ Ka4 65. Qb8 Ka5 66. Ra3# 1-0

[Event "28. Klatovy B 2022"]
[Site "Klatovy"]
[Date "2022.07.08"]
[Round "7.21"]
[White "Zak, Jiri1"]
[Black "Stanke, Vilem"]
[Result "1-0"]
[WhiteElo "1732"]
[BlackElo "1314"]
[PlyCount "91"]
[EventDate "2022.07.02"]
[EventType "swiss"]
[EventRounds "9"]
[EventCountry "CZE"]

1. e4 e5 2. g3 Nf6 3. Bg2 Nc6 4. Ne2 Bc5 5. O-O O-O 6. d3 d6 7. Nbc3 a6 8. Bg5 Be6 9. Nd5 Bxd5 10. exd5 Na7 11. c4 h6 12. Bd2 b5 13. a3 Qb8 14. b4 Bb6 15. Bc3 Qc8 16. Nc1 c6 17. dxc6 Nxc6 18. Qf3 Ra7 19. Qxc6 Qxc6 20. Bxc6 Rc7 21. Bf3 bxc4 22. dxc4 Rxc4 23. Ne2 e4 24. Bg2 Ng4 25. h3 Bxf2+ 26. Rxf2 Nxf2 27. Kxf2 e3+ 28. Ke1 Rfc8 29. Rc1 Kf8 30. Bb7 R8c7 31. Bxa6 R4c6 32. Bd3 Ra7 33. Bxg7+ Kxg7 34. Rxc6 Rxa3 35. Rc3 Ra1+ 36. Rc1 Ra3 37. Nc3 Rb3 38. b5 d5 39. Ke2 d4 40. Nd5 Rb2+ 41. Rc2 Rb3 42. b6 f6 43. b7 Rxb7 44. Rc7+ Rxc7 45. Nxc7 Kf7 46. Kf3 1-0

[Event "28. Klatovy B 2022"]
[Site "Klatovy"]
[Date "2022.07.08"]
[Round "7.22"]
[White "Beran, Jakub"]
[Black "Berkovec, Jakub"]
[Result "1/2-1/2"]
[WhiteElo "1676"]
[BlackElo "1191"]
[PlyCount "63"]
[EventDate "2022.07.02"]
[EventType "swiss"]
[EventRounds "9"]
[EventCountry "CZE"]

1. c4 c5 2. Nc3 Nc6 3. g3 Nf6 4. Bg2 g6 5. Nf3 Bg7 6. O-O O-O 7. d3 d6 8. Bd2 Bd7 9. a3 a6 10. Rb1 Qc7 11. b4 cxb4 12. axb4 Rab8 13. b5 axb5 14. Nxb5 Qd8 15. Qc1 Ne8 16. Bh6 Nc7 17. Bxg7 Kxg7 18. Nxc7 Qxc7 19. Qb2+ Kg8 20. Rfc1 Nd8 21. Nd4 Bc6 22. Nxc6 Nxc6 23. Qb6 Rfc8 24. Rc2 Qxb6 25. Rxb6 Rc7 26. Rcb2 Nd8 27. h4 Kg7 28. Kh2 Kf6 29. g4 Kg7 30. f4 Kf6 31. Kg3 Kg7 32. Bf3 1/2-1/2

[Event "28. Klatovy B 2022"]
[Site "Klatovy"]
[Date "2022.07.08"]
[Round "7.23"]
[White "Skalny, Petr"]
[Black "Kroulik, Stepan"]
[Result "1-0"]
[WhiteElo "1609"]
[BlackElo "1134"]
[PlyCount "61"]
[EventDate "2022.07.02"]
[EventType "swiss"]
[EventRounds "9"]
[EventCountry "CZE"]

1. f4 d5 2. d4 Bf5 3. Nf3 e6 4. e3 c6 5. Be2 Nf6 6. O-O Nbd7 7. Ne5 Nxe5 8. fxe5 Ne4 9. Nd2 Be7 10. Bd3 Nxd2 11. Qxd2 Bxd3 12. Qxd3 Qb6 13. c3 O-O-O 14. Rxf7 Bf8 15. e4 c5 16. exd5 cxd4 17. cxd4 Rxd5 18. Be3 Rd7 19. Rc1+ Kd8 20. Qc3 Qc6 21. Qa5+ Qb6 22. Rxd7+ Kxd7 23. Qa4+ Ke7 24. Bg5+ Kf7 25. Qd7+ Kg6 26. Bd8 Qa6 27. Qe8+ Kh6 28. h4 g6 29. Qf7 Qd3 30. Qf4+ Kg7 31. Rc7+ 1-0

[Event "28. Klatovy B 2022"]
[Site "Klatovy"]
[Date "2022.07.08"]
[Round "7.24"]
[White "Kasik, Denis"]
[Black "Pucholt, Martin 1978"]
[Result "0-1"]
[WhiteElo "1361"]
[BlackElo "1566"]
[PlyCount "106"]
[EventDate "2022.07.02"]
[EventType "swiss"]
[EventRounds "9"]
[EventCountry "CZE"]

1. e4 c5 2. Nf3 d6 3. d4 cxd4 4. Nxd4 Nf6 5. Nc3 e6 6. Bg5 Be7 7. Qd2 Nc6 8. O-O-O e5 9. Nxc6 bxc6 10. Bxf6 gxf6 11. h4 Rb8 12. Bc4 Be6 13. Bb3 Bxb3 14. cxb3 h5 15. Qe2 Qc7 16. g4 hxg4 17. Qxg4 Rb4 18. h5 Bf8 19. Kb1 Qd7 20. Qxd7+ Kxd7 21. Kc2 Ke6 22. Rh4 Bh6 23. Rg1 Bg5 24. Rh3 Rd4 25. Rd1 Rxd1 26. Kxd1 f5 27. b4 Bf4 28. f3 fxe4 29. fxe4 Kf6 30. b5 c5 31. Nd5+ Kg5 32. Nxf4 Kxf4 33. a4 Kxe4 34. h6 Rh7 35. a5 Kd5 36. a6 f5 37. b6 axb6 38. a7 Rxa7 39. h7 Rxh7 40. Rxh7 b5 41. Rh2 e4 42. Rd2+ Ke5 43. Ke2 f4 44. b4 c4 45. Rc2 d5 46. Rc1 d4 47. Rh1 d3+ 48. Ke1 Kd4 49. Rh5 c3 50. Rxb5 Ke3 51. Rc5 c2 52. Kf1 Kd2 53. b5 e3 0-1

[Event "28. Klatovy B 2022"]
[Site "Klatovy"]
[Date "2022.07.08"]
[Round "7.25"]
[White "Vajdik, Josef"]
[Black "Berkovec, Josef"]
[Result "0-1"]
[WhiteElo "1305"]
[BlackElo "1544"]
[PlyCount "52"]
[EventDate "2022.07.02"]
[EventType "swiss"]
[EventRounds "9"]
[EventCountry "CZE"]

1. e4 e5 2. Bc4 Nf6 3. d3 c6 4. Nc3 d5 5. exd5 cxd5 6. Bb5+ Bd7 7. Bxd7+ Nbxd7 8. Bg5 Be7 9. Nge2 O-O 10. O-O Re8 11. Re1 Qc7 12. a3 Rac8 13. d4 e4 14. Qd2 a6 15. Rac1 Bd6 16. Bf4 Nf8 17. Bxd6 Qxd6 18. Nf4 h6 19. Nce2 g5 20. Nh3 Ng6 21. g3 Ng4 22. Nc3 Nh4 23. Qe2 Nf3+ 24. Kg2 Nxe1+ 25. Rxe1 f5 26. Qd2 Kg7 0-1

[Event "28. Klatovy B 2022"]
[Site "Klatovy"]
[Date "2022.07.08"]
[Round "7.26"]
[White "Pasek, Josef"]
[Black "Vavrousek, Petr"]
[Result "0-1"]
[WhiteElo "1314"]
[BlackElo "1517"]
[PlyCount "96"]
[EventDate "2022.07.02"]
[EventType "swiss"]
[EventRounds "9"]
[EventCountry "CZE"]

1. d4 d5 2. Nf3 Nf6 3. g3 Bg4 4. Bg2 c6 5. O-O Nbd7 6. b3 Rc8 7. c4 e6 8. c5 b6 9. b4 Be7 10. h3 Bh5 11. Bf4 Ne4 12. Nfd2 f5 13. Nxe4 fxe4 14. g4 Bg6 15. f3 O-O 16. Bg3 bxc5 17. bxc5 e5 18. e3 exd4 19. exd4 Bf6 20. f4 Qa5 21. g5 Bd8 22. Nd2 Qc3 23. Kh2 Qxd4 24. Nb3 Qxd1 25. Raxd1 Bh5 26. Rd2 a5 27. a4 Bg6 28. h4 Bf5 29. Bf2 Re8 30. Be3 Nf8 31. Nd4 Bd7 32. f5 Bc7+ 33. Kh1 Rb8 34. f6 gxf6 35. gxf6 Kf7 36. Nf5 Bxf5 37. Rxf5 Rb1+ 38. Rf1 Rxf1+ 39. Bxf1 Be5 40. Rf2 Ne6 41. Be2 Nf8 42. Bh6 Ng6 43. Kg2 Nxh4+ 44. Kh3 Ng6 45. Rf5 Bd4 46. Ba6 Rb8 47. Bf4 Nxf4+ 48. Rxf4 Bxf6 0-1

[Event "28. Klatovy B 2022"]
[Site "Klatovy"]
[Date "2022.07.08"]
[Round "7.27"]
[White "Studzinski, David 2002"]
[Black "Vasko, Pavel"]
[Result "1/2-1/2"]
[WhiteElo "1284"]
[BlackElo "1477"]
[PlyCount "110"]
[EventDate "2022.07.02"]
[EventType "swiss"]
[EventRounds "9"]
[EventCountry "CZE"]

1. c4 e5 2. Nc3 Bc5 3. e4 Nf6 4. Nf3 d6 5. g3 O-O 6. Bg2 Be6 7. b3 Nc6 8. d3 h6 9. a3 a6 10. Bb2 Nd4 11. Nxd4 Bxd4 12. Na4 Ba7 13. O-O c6 14. Nc3 b5 15. cxb5 axb5 16. Qc2 Qd7 17. h3 Bxh3 18. Ne2 Bxg2 19. Kxg2 Rfc8 20. b4 Qe7 21. d4 exd4 22. Bxd4 Bxd4 23. Nxd4 Qxe4+ 24. Qxe4 Nxe4 25. Rfe1 Nf6 26. Nf5 Rd8 27. Ne7+ Kf8 28. Nxc6 Rdc8 29. Nd4 Rab8 30. Rec1 Rc4 31. Rxc4 bxc4 32. b5 Nd7 33. a4 Nb6 34. a5 Na8 35. b6 Ke8 36. Nb5 Kd7 37. Rd1 Kc6 38. Nxd6 Rd8 39. b7 Nc7 40. b8=Q Rxb8 41. Nxc4 Re8 42. Ra1 Na6 43. Rb1 Re6 44. Rb6+ Kc5 45. Rxe6 fxe6 46. Ne5 Kb5 47. f4 Kxa5 48. Kh3 Nc5 49. Kh4 Ne4 50. g4 g5+ 51. fxg5 hxg5+ 52. Kh5 Kb5 53. Nf7 Kc5 54. Nxg5 Nf6+ 55. Kh4 Nxg4 1/2-1/2

[Event "28. Klatovy B 2022"]
[Site "Klatovy"]
[Date "2022.07.08"]
[Round "7.29"]
[White "Devera, Filip"]
[Black "Stross, Frantisek 1952"]
[Result "1-0"]
[WhiteElo "1287"]
[BlackElo "1414"]
[PlyCount "81"]
[EventDate "2022.07.02"]
[EventType "swiss"]
[EventRounds "9"]
[EventCountry "CZE"]

1. e4 e5 2. Nf3 Nc6 3. Bc4 Bc5 4. b4 Bb6 5. c3 h6 6. O-O Nf6 7. d3 d6 8. Be3 Bg4 9. Nbd2 O-O 10. Qb3 a5 11. Bxb6 cxb6 12. a3 a4 13. Qb2 Be6 14. Bxe6 fxe6 15. Rfe1 b5 16. d4 exd4 17. Nxd4 Nxd4 18. cxd4 Ng4 19. Nf3 Qb6 20. Qa2 Rae8 21. Rac1 Kh8 22. h3 Nf6 23. Rc3 d5 24. exd5 Nxd5 25. Rc5 Nf4 26. Qc2 Nxh3+ 27. Kf1 Nf4 28. Ne5 Rf5 29. Ng6+ Nxg6 30. Rxf5 Qxd4 31. Rxb5 Re7 32. Rxb7 Qd5 33. Rxe7 Nxe7 34. Qe4 Qh5 35. g3 Nf5 36. Kg2 Qg5 37. Qxe6 Nh4+ 38. Kh3 Nf3 39. Qe8+ Kh7 40. Qe4+ Qg6 41. Qxf3 1-0

[Event "28. Klatovy B 2022"]
[Site "Klatovy"]
[Date "2022.07.08"]
[Round "7.32"]
[White "Josko, Jiri"]
[Black "Kusova, Nikola"]
[Result "1/2-1/2"]
[WhiteElo "1584"]
[BlackElo "1250"]
[PlyCount "60"]
[EventDate "2022.07.02"]
[EventType "swiss"]
[EventRounds "9"]
[EventCountry "CZE"]

1. e4 e5 2. Nc3 Nf6 3. f4 d5 4. fxe5 Nxe4 5. Nf3 Bc5 6. d4 Bb4 7. Bd2 c5 8. Bb5+ Nc6 9. O-O O-O 10. Bxc6 bxc6 11. a3 Ba5 12. Nxe4 dxe4 13. Bxa5 Qxa5 14. Ng5 Qb6 15. Qh5 h6 16. Rxf7 Qd8 17. Rxf8+ Qxf8 18. Rf1 Qe7 19. Nxe4 cxd4 20. Nd6 Be6 21. Qg6 Rf8 22. Rxf8+ Kxf8 23. Qe4 Qg5 24. Qf3+ Kg8 25. Qe2 Qc1+ 26. Kf2 Qf4+ 27. Kg1 Qc1+ 28. Kf2 Qf4+ 29. Kg1 Qc1+ 30. Kf2 Qf4+ 1/2-1/2

[Event "28. Klatovy B 2022"]
[Site "Klatovy"]
[Date "2022.07.08"]
[Round "7.34"]
[White "Novy, Jan"]
[Black "Fadrny, Jachym"]
[Result "0-1"]
[WhiteElo "1464"]
[BlackElo "1198"]
[PlyCount "70"]
[EventDate "2022.07.02"]
[EventType "swiss"]
[EventRounds "9"]
[EventCountry "CZE"]

1. e4 e6 2. d4 d5 3. e5 c5 4. Nf3 Nc6 5. c3 cxd4 6. cxd4 Bd7 7. a3 Nge7 8. Bg5 Rc8 9. Nc3 Qb6 10. Nb5 Nf5 11. g4 Nh6 12. Bh3 Qxb5 13. Qd2 Na5 14. Bf1 Qb6 15. Bxh6 gxh6 16. h3 Nb3 17. Qe3 Nxa1 18. Bd3 Nb3 19. O-O Bb5 20. Rd1 Bxd3 21. Rxd3 Na5 22. b4 Nc4 23. Qf4 Rg8 24. h4 a5 25. Nh2 axb4 26. Kg2 bxa3 27. Rf3 Rc7 28. g5 a2 29. g6 Rxg6+ 30. Kh3 a1=Q 31. h5 Qg1 32. hxg6 Qxg6 33. Rg3 Qf5+ 34. Qxf5 exf5 35. Nf3 Qe6 0-1

[Event "28. Klatovy B 2022"]
[Site "Klatovy"]
[Date "2022.07.08"]
[Round "7.36"]
[White "Deverova, Tereza 1992"]
[Black "Kotesovec, Jaroslav"]
[Result "0-1"]
[WhiteElo "1175"]
[BlackElo "1543"]
[PlyCount "78"]
[EventDate "2022.07.02"]
[EventType "swiss"]
[EventRounds "9"]
[EventCountry "CZE"]

1. d4 d5 2. Nf3 Nc6 3. Bf4 Bg4 4. e3 e6 5. c3 a6 6. h3 Bf5 7. Nbd2 f6 8. Be2 Bd6 9. Bh2 Bxh2 10. Nxh2 e5 11. Bg4 Nge7 12. Bxf5 Nxf5 13. Nb3 Qe7 14. O-O O-O 15. Re1 Qf7 16. e4 dxe4 17. Rxe4 Qd5 18. Qd3 Nce7 19. Nf3 Ng6 20. g3 Nd6 21. Rae1 Nxe4 22. Rxe4 f5 23. Rxe5 Nxe5 24. Nxe5 Rae8 25. c4 Qe4 26. Qd2 b6 27. f3 Qb1+ 28. Nc1 f4 29. g4 h6 30. Ned3 Re3 31. Kf2 Rxd3 32. Nxd3 Qxa2 33. Nxf4 Qxc4 34. Ng6 Rd8 35. d5 Qc5+ 36. Kg3 Qd6+ 37. Nf4 g5 38. Qd3 Qxf4+ 39. Kf2 Qf7 0-1

[Event "28. Klatovy B 2022"]
[Site "Klatovy"]
[Date "2022.07.08"]
[Round "7.41"]
[White "Skalicky, Jindrich"]
[Black "Pozar, Pavel"]
[Result "1-0"]
[WhiteElo "1152"]
[BlackElo "1304"]
[PlyCount "27"]
[EventDate "2022.07.02"]
[EventType "swiss"]
[EventRounds "9"]
[EventCountry "CZE"]

1. e4 e5 2. Nf3 Nc6 3. Bb5 d6 4. d4 a6 5. Bxc6+ bxc6 6. O-O exd4 7. Nxd4 c5 8. Nf3 Bb7 9. Nc3 Qd7 10. Qe2 O-O-O 11. Rd1 Re8 12. e5 Bxf3 13. Qxf3 dxe5 14. Qa8# 1-0

[Event "28. Klatovy B 2022"]
[Site "Klatovy"]
[Date "2022.07.09"]
[Round "8.1"]
[White "Benes, Jachym"]
[Black "Koper, Stefan"]
[Result "1-0"]
[WhiteElo "1776"]
[BlackElo "1829"]
[PlyCount "83"]
[EventDate "2022.07.02"]
[EventType "swiss"]
[EventRounds "9"]
[EventCountry "CZE"]

1. d4 d5 2. c4 e6 3. Nc3 Nf6 4. Bg5 Be7 5. e3 O-O 6. Nf3 a6 7. cxd5 exd5 8. Qc2 h6 9. Bh4 c6 10. Bd3 Nbd7 11. O-O Re8 12. Rab1 Nf8 13. b4 N6h7 14. Bxe7 Qxe7 15. a4 Ng5 16. Ne5 Nd7 17. Nxd7 Bxd7 18. b5 axb5 19. axb5 Ne4 20. Na4 Rxa4 21. Qxa4 Nd2 22. Qa7 Nxf1 23. Kxf1 cxb5 24. Qxb7 Qd6 25. Ra1 Bc6 26. Qa6 Qd7 27. Rc1 Re6 28. Bf5 b4 29. Bxe6 Bb5+ 30. Kg1 fxe6 31. Qc8+ Qxc8 32. Rxc8+ Kf7 33. Rb8 Bd3 34. Rxb4 Kf6 35. f3 h5 36. h4 g5 37. hxg5+ Kxg5 38. Kf2 Kf5 39. Rb8 Kf6 40. Kg3 Bf1 41. Rh8 Kg6 42. Kh4 1-0

[Event "28. Klatovy B 2022"]
[Site "Klatovy"]
[Date "2022.07.09"]
[Round "8.2"]
[White "Zednik, Zdenek"]
[Black "Andrle, Filip"]
[Result "1/2-1/2"]
[WhiteElo "1845"]
[BlackElo "1495"]
[PlyCount "129"]
[EventDate "2022.07.02"]
[EventType "swiss"]
[EventRounds "9"]
[EventCountry "CZE"]

1. c4 e5 2. g3 g6 3. Bg2 Bg7 4. Nc3 f5 5. d3 d6 6. Nf3 Nf6 7. O-O O-O 8. e4 fxe4 9. Nxe4 Nxe4 10. dxe4 Be6 11. b3 h6 12. Be3 Nd7 13. Qd2 Kh7 14. Rac1 Qe7 15. h3 b6 16. Ne1 a5 17. Nd3 Nc5 18. Qc2 Nxd3 19. Qxd3 h5 20. Qd2 Rf7 21. a3 c5 22. Rfd1 Bf8 23. f4 Qc7 24. f5 Bd7 25. fxg6+ Kxg6 26. Rf1 Be6 27. Rxf7 Qxf7 28. Rf1 Qg7 29. Qd1 Ra7 30. Bf3 Kh7 31. Kh2 Rf7 32. Bxh5 Rxf1 33. Qxf1 Be7 34. Qf3 Bg5 35. h4 Bxe3 36. Qxe3 a4 37. Be2 axb3 38. Qxb3 Qf7 39. Kg2 Qb7 40. Qf3 b5 41. cxb5 c4 42. Qh5+ Kg7 43. Qg5+ Kh7 44. Bf3 c3 45. Qc1 Qxb5 46. Qxc3 Qb1 47. g4 Qa2+ 48. Kg3 Qb1 49. Qe3 Qf1 50. h5 Bf7 51. a4 Qa1 52. h6 Be6 53. g5 Qxa4 54. Bh5 Qa1 55. g6+ Kg8 56. Bf3 Qf1 57. Qf2 Qc1 58. Qh2 Qg5+ 59. Kf2 Qxg6 60. Qg3 Qxg3+ 61. Kxg3 Kh7 62. Kf2 Kxh6 63. Ke3 Kg5 64. Be2 Bf7 65. Bf3 1/2-1/2

[Event "28. Klatovy B 2022"]
[Site "Klatovy"]
[Date "2022.07.09"]
[Round "8.4"]
[White "Vavrinek, Tomas"]
[Black "Rezac, Jindrich"]
[Result "1/2-1/2"]
[WhiteElo "1677"]
[BlackElo "1833"]
[PlyCount "26"]
[EventDate "2022.07.02"]
[EventType "swiss"]
[EventRounds "9"]
[EventCountry "CZE"]

1. d4 d5 2. Nf3 Nf6 3. Bf4 Bf5 4. e3 e6 5. a3 Bd6 6. Bg5 Nbd7 7. c4 c6 8. cxd5 exd5 9. Bd3 Bxd3 10. Qxd3 Qb6 11. Qc2 Ne4 12. Bh4 Rc8 13. Nbd2 Qd8 1/2-1/2

[Event "28. Klatovy B 2022"]
[Site "Klatovy"]
[Date "2022.07.09"]
[Round "8.5"]
[White "Chmelik, Ladislav"]
[Black "Sova, Zdenek"]
[Result "1-0"]
[WhiteElo "1730"]
[BlackElo "1669"]
[PlyCount "141"]
[EventDate "2022.07.02"]
[EventType "swiss"]
[EventRounds "9"]
[EventCountry "CZE"]

1. d4 d5 2. Nf3 e6 3. g3 Nf6 4. Bg2 Be7 5. O-O O-O 6. c4 c6 7. b3 Qb6 8. Nc3 Nbd7 9. Qc2 h6 10. Bf4 Re8 11. Rfe1 Nf8 12. c5 Qd8 13. Ne5 N6d7 14. e4 Bg5 15. Bxg5 Qxg5 16. h4 Qd8 17. exd5 Nxe5 18. Rxe5 exd5 19. Rae1 Rxe5 20. Rxe5 Ng6 21. Re3 Bg4 22. f3 Bd7 23. Bf1 Qf6 24. Qd1 Re8 25. Rxe8+ Bxe8 26. Bh3 Ne7 27. Qd3 g6 28. Qe3 h5 29. Ne2 Kf8 30. Qf4 Qxf4 31. Nxf4 b6 32. cxb6 axb6 33. b4 b5 34. Kf2 Ng8 35. Nd3 Ke7 36. Ke3 Nf6 37. Ne5 Kd6 38. Kf4 Ng8 39. Nd3 Bd7 40. Bxd7 Kxd7 41. Ne5+ Ke6 42. Nxc6 f6 43. Na7 Ne7 44. Nxb5 Nc6 45. a3 Kd7 46. g4 hxg4 47. fxg4 Ke7 48. h5 gxh5 49. gxh5 Kf7 50. Nd6+ Ke6 51. Nf5 Kf7 52. b5 Na5 53. b6 Nb7 54. h6 Kg6 55. a4 Kh7 56. Kg4 Kg6 57. Ne7+ Kxh6 58. Kf5 Kg7 59. Nxd5 Kf7 60. Nc7 Nd6+ 61. Kf4 Nb7 62. Ke4 Ke7 63. Nd5+ Ke6 64. Nxf6 Kxf6 65. Kd5 Ke7 66. Kc6 Nd8+ 67. Kc7 Ne6+ 68. Kc8 Nxd4 69. b7 Nf5 70. b8=Q Nd6+ 71. Kc7 1-0

[Event "28. Klatovy B 2022"]
[Site "Klatovy"]
[Date "2022.07.09"]
[Round "8.6"]
[White "Vana, Jan 2010"]
[Black "Berka, Lubos"]
[Result "1-0"]
[WhiteElo "1708"]
[BlackElo "1677"]
[PlyCount "111"]
[EventDate "2022.07.02"]
[EventType "swiss"]
[EventRounds "9"]
[EventCountry "CZE"]

1. e4 c6 2. d4 d5 3. exd5 cxd5 4. c4 Nf6 5. Nc3 Nc6 6. Nf3 e6 7. c5 Ne4 8. Bd3 f5 9. Bf4 a6 10. Ne5 Qh4 11. g3 Qf6 12. Qa4 Bd7 13. Nxd7 Kxd7 14. Bxe4 fxe4 15. O-O-O Be7 16. Qb3 Kc8 17. Na4 Bd8 18. Nb6+ Bxb6 19. Qxb6 Qd8 20. Qb3 Rf8 21. Qe3 Nb4 22. a3 Nd3+ 23. Rxd3 exd3 24. Qxe6+ Qd7 25. Qe3 Re8 26. Qxd3 g6 27. Qd2 a5 28. Re1 Qb5 29. Be5 Ra6 30. f4 b6 31. Bd6 bxc5 32. dxc5 Rxe1+ 33. Qxe1 Qc4+ 34. Kb1 Qe4+ 35. Qxe4 dxe4 36. Kc2 Kd7 37. Kc3 Ra8 38. Kd4 Re8 39. Be5 e3 40. Kxe3 Kc6 41. b4 Kb5 42. Kd4 axb4 43. axb4 Rd8+ 44. Bd6 Re8 45. g4 Re2 46. f5 gxf5 47. gxf5 Rf2 48. Ke4 Rf1 49. Ke5 Re1+ 50. Kf6 Re4 51. Kf7 Kc6 52. f6 Rxb4 53. Kg7 Rg4+ 54. Kxh7 Kd7 55. f7 Rh4+ 56. Kg6 1-0

[Event "28. Klatovy B 2022"]
[Site "Klatovy"]
[Date "2022.07.09"]
[Round "8.7"]
[White "Jirasek, Jiri"]
[Black "Bara, Jan"]
[Result "1-0"]
[WhiteElo "1878"]
[BlackElo "1616"]
[PlyCount "87"]
[EventDate "2022.07.02"]
[EventType "swiss"]
[EventRounds "9"]
[EventCountry "CZE"]

1. d4 Nf6 2. c4 g6 3. Nc3 d5 4. Nf3 Bg7 5. e3 O-O 6. Qb3 e6 7. a4 a5 8. Bd2 b6 9. cxd5 exd5 10. Rc1 Na6 11. Bb5 Nb4 12. Na2 Nxa2 13. Qxa2 Ne4 14. Bc6 Ba6 15. Qxd5 Nxd2 16. Kxd2 Qxd5 17. Bxd5 Rad8 18. Bc6 Rd6 19. Rhd1 f5 20. b3 Bc8 21. Ke1 Be6 22. d5 Bf7 23. Ng5 Be8 24. Bxe8 Rxe8 25. Rxc7 h6 26. Nf3 Red8 27. Rc6 Rxd5 28. Rxd5 Rxd5 29. Rxg6 b5 30. axb5 Rxb5 31. Nd4 Rd5 32. Ne6 Kf7 33. Rxg7+ Kxe6 34. Rg6+ Ke5 35. Rxh6 Rb5 36. Ra6 Ke4 37. Ke2 Kd5 38. h4 Kc5 39. h5 Kb4 40. h6 Rb8 41. Kf3 Kb5 42. Rf6 Kb4 43. Rxf5 Ra8 44. h7 1-0

[Event "28. Klatovy B 2022"]
[Site "Klatovy"]
[Date "2022.07.09"]
[Round "8.8"]
[White "Hampel, Rudolf"]
[Black "Masek, Jan"]
[Result "0-1"]
[WhiteElo "1598"]
[BlackElo "1865"]
[PlyCount "96"]
[EventDate "2022.07.02"]
[EventType "swiss"]
[EventRounds "9"]
[EventCountry "CZE"]

1. e4 e5 2. Nf3 Nc6 3. Bb5 Nf6 4. O-O Nxe4 5. Re1 Nd6 6. Nxe5 Be7 7. Nxc6 dxc6 8. Bf1 O-O 9. Nc3 Re8 10. b3 Be6 11. Bb2 Bf6 12. Rb1 Bf5 13. d3 Qd7 14. Ne2 Bxb2 15. Rxb2 Qe7 16. Rb1 Bg4 17. Qd2 Qf6 18. Nc3 Qd4 19. Kh1 Bh5 20. Re3 Nf5 21. Re4 Rxe4 22. Nxe4 Bg6 23. c3 Qd5 24. Re1 c5 25. Qf4 Qc6 26. Qe5 b6 27. Ng5 Nd6 28. Qf4 Re8 29. Rxe8+ Qxe8 30. Qe3 Qxe3 31. fxe3 Nb5 32. c4 Nc3 33. a4 Na2 34. Nf3 f6 35. e4 Nc1 36. Nd2 Bh5 37. Kg1 Bd1 38. Kf2 Nxb3 39. Nxb3 Bxb3 40. a5 bxa5 41. Ke3 a4 42. Kd2 a3 43. Kc3 Bd1 44. g3 Kf7 45. Bh3 Ke7 46. Bc8 Kd6 47. Bb7 Ke5 48. Bd5 Be2 0-1